Economic analysis of road maintenance and rehabilitation strategies feasilble for roads in pakistan using H.D.M-4/ (Record no. 550837)
[ view plain ]
| 000 -LEADER | |
|---|---|
| fixed length control field | 00419nam a22001337a 4500 |
| 082 ## - DEWEY DECIMAL CLASSIFICATION NUMBER | |
| Classification number | P-429(B) |
| 100 ## - MAIN ENTRY--PERSONAL NAME | |
| Personal name | Ather Ali. |
| 9 (RLIN) | 47600 |
| 245 ## - TITLE STATEMENT | |
| Title | Economic analysis of road maintenance and rehabilitation strategies feasilble for roads in pakistan using H.D.M-4/ |
| Remainder of title | Ather Ali, Danish Shiekh. |
| 260 ## - PUBLICATION, DISTRIBUTION, ETC. | |
| Place of publication, distribution, etc. | MCE |
| Date of publication, distribution, etc. | 2009. |
| 526 ## - STUDY PROGRAM INFORMATION NOTE | |
| Program name | 0 |
| Interest level | 0 |
| Reading level | 0 |
| Title point value | P_429B |
| 650 ## - SUBJECT ADDED ENTRY--TOPICAL TERM | |
| Topical term or geographic name entry element | Project. |
| 700 ## - ADDED ENTRY--PERSONAL NAME | |
| Personal name | Rabia Haroon. |
| 9 (RLIN) | 47665 |
| 942 ## - ADDED ENTRY ELEMENTS (KOHA) | |
| Source of classification or shelving scheme | |
| Koha item type | Book |
| Withdrawn status | Lost status | Source of classification or shelving scheme | Damaged status | Not for loan | Permanent Location | Current Location | Date acquired | Total Checkouts | Full call number | Barcode | Date last seen | Date last checked out | Price effective from | Koha item type | Public note |
|---|---|---|---|---|---|---|---|---|---|---|---|---|---|---|---|
| Military College of Engineering (MCE) | Military College of Engineering (MCE) | 11/26/2014 | 1 | P-429(B) | MCE-P-429(B) | 03/16/2015 | 03/11/2015 | 03/14/2021 | Book | Project |
